000 00904nam a2200229Ia 4500
003 GCL
008 140319s9999 xx 000 0 ara d
040 _aGCL /
_cGCL
082 0 4 _aق
_b962.05
_bو ا
100 1 _aمصطفى كامل فودة
245 1 0 _aاللنبى فى مصر : مصر من مارس 1919 الى نوفمبر 1925 /
_cمصطفى كامل فودة
700 1 _aويفل ، المارشال
700 1 _aعلى ابراهيم الاقطش (مترجم)
260 _aالقاهرة :
_bمكتبة نهضة مصر ،
_c1945
300 _a142 ص ؛
_c20 سم
490 _aلجنة الجيل الجديد
_v0
650 0 4 _aاحمد فؤاد
650 0 4 _aمصر - تاريخ - العصر الحديث (1805 - 1956 )
650 0 4 _aمصر - تاريخ - العصر الحديث - الاحتلال البريطانى
650 0 4 _aاللنبى - تراجم
942 _2ddc
_cBK
999 _c39327
_d39327